[Event "Madrid-ch sf"]
[Site "Madrid"]
[Date "2021.05.13"]
[Round "9"]
[White "Huerto Moreno, Jorge"]
[Black "De la Puerta Cresis, Javier"]
[Result "0-1"]
[WhiteElo "1837"]
[BlackElo "2169"]
[PlyCount "100"]
[EventDate "2021.05.05"]
[EventType "swiss"]
[EventRounds "9"]
[EventCountry "ESP"]
[SourceTitle "EXT 2022"]
[Source "ChessBase"]
[SourceDate "2021.10.06"]
[SourceVersion "1"]
[SourceVersionDate "2021.10.06"]
[SourceQuality "1"]

1. e4 c5 2. b3 g6 3. Bb2 Nf6 4. e5 Nd5 5. d4 cxd4 6. Qxd4 Nc7 7. Bc4 Bg7 8. Nf3 0-0 9. Na3 d5 10. 0-0-0 Nc6 11. Qc5 Be6 12. h4 Qc8 13. Be2 h5 14. Nb5 Na6 15. Qe3 Ncb4 16. Nc3 Nc6 17. Bxa6 bxa6 18. Nxd5 a5 19. Ng5 a4 20. Qc5 Bxd5 21. Rxd5 axb3 22. axb3 a5 23. f4 Qf5 24. Qf2 a4 25. Rc5 Nb4 26. e6 Bxb2+ 27. Kxb2 Qf6+ 28. Ka3 Nd3 29. exf7+ Qxf7 30. Nxf7 axb3+ 31. Kxb3 Nxf2 32. Nh6+ Kg7 33. Rf1 Ne4 34. Rd5 Kxh6 35. c4 Rfc8 36. Rd4 Rab8+ 37. Kc2 Nd6 38. Kd3 Rb3+ 39. Kc2 Rg3 40. Re1 Rxg2+ 41. Kb3 Rb8+ 42. Ka3 Rc2 43. f5 Nxc4+ 44. Rxc4 Rxc4 45. Re6 Rc3+ 46. Ka2 Rg3 47. Rxe7 gxf5 48. Ra7 f4 49. Ra6+ Rg6 50. Ra4 f3 0-1

[Event "Madrid-ch Previa-A"]
[Site "Madrid"]
[Date "2021.02.24"]
[Round "9"]
[White "Martin Buitrago Lopez, Antonio"]
[Black "Huerto Moreno, Jorge"]
[Result "0-1"]
[WhiteElo "1686"]
[BlackElo "1796"]
[PlyCount "48"]
[EventDate "2021.02.08"]
[EventType "swiss"]
[EventRounds "9"]
[EventCountry "ESP"]
[SourceTitle "EXT 2022"]
[Source "ChessBase"]
[SourceDate "2021.10.06"]
[SourceVersion "1"]
[SourceVersionDate "2021.10.06"]
[SourceQuality "1"]

1. e4 c5 2. Nc3 Nc6 3. Bb5 Nd4 4. Bc4 e6 5. Nge2 Ne7 6. Nxd4 cxd4 7. Ne2 Nc6 8. 0-0 d5 9. exd5 exd5 10. Bb5 Bc5 11. a3 0-0 12. Ng3 f5 13. d3 f4 14. Nh1 Ne5 15. Qe2 Bd6 16. Ba4 f3 17. Qd1 fxg2 18. Kxg2 Qh4 19. f4 Ng4 20. h3 Ne3+ 21. Bxe3 Qxh3+ 22. Kg1 Qxe3+ 23. Nf2 Qg3+ 24. Kh1 Rxf4 0-1

[Event "Madrid-ch Previa-A"]
[Site "Madrid"]
[Date "2021.02.22"]
[Round "7"]
[White "Villodre Miranda, Juan Alonso"]
[Black "Huerto Moreno, Jorge"]
[Result "0-1"]
[WhiteElo "1577"]
[BlackElo "1796"]
[PlyCount "66"]
[EventDate "2021.02.08"]
[EventType "swiss"]
[EventRounds "9"]
[EventCountry "ESP"]
[SourceTitle "EXT 2022"]
[Source "ChessBase"]
[SourceDate "2021.10.06"]
[SourceVersion "1"]
[SourceVersionDate "2021.10.06"]
[SourceQuality "1"]

1. c4 Nf6 2. Nc3 g6 3. g3 Bg7 4. Bg2 Nc6 5. e4 e5 6. Nge2 0-0 7. 0-0 d6 8. d3 Nd7 9. f4 f5 10. h3 Nc5 11. a3 a5 12. Kh2 fxe4 13. dxe4 Nd4 14. Nxd4 exd4 15. Ne2 d3 16. Nc3 Bxc3 17. bxc3 Be6 18. Be3 Bxc4 19. Bxc5 dxc5 20. Rf2 Ra6 21. Rd2 b5 22. Qg1 Qe7 23. Qe3 Rd8 24. Bf1 Rad6 25. e5 R6d7 26. h4 b4 27. axb4 axb4 28. cxb4 cxb4 29. Rc1 Rd4 30. Bg2 c5 31. Bf3 Be6 32. Bd1 c4 33. Bc2 Bf5 0-1

[Event "Madrid-ch Previa-A"]
[Site "Madrid"]
[Date "2021.02.16"]
[Round "5"]
[White "Huerto Moreno, Jorge"]
[Black "Rico Jimenez, Samuel"]
[Result "0-1"]
[WhiteElo "1796"]
[BlackElo "1834"]
[PlyCount "94"]
[EventDate "2021.02.08"]
[EventType "swiss"]
[EventRounds "9"]
[EventCountry "ESP"]
[SourceTitle "EXT 2022"]
[Source "ChessBase"]
[SourceDate "2021.10.06"]
[SourceVersion "1"]
[SourceVersionDate "2021.10.06"]
[SourceQuality "1"]

1. e4 e5 2. Nf3 Nc6 3. Bc4 Nf6 4. Ng5 d5 5. exd5 Na5 6. Bb5+ c6 7. dxc6 bxc6 8. Bd3 Nd5 9. Nf3 Bd6 10. 0-0 0-0 11. Be4 f5 12. Bxd5+ cxd5 13. d4 e4 14. Ne5 f4 15. Nc3 Be6 16. b3 Rc8 17. Nb5 Bb8 18. Bd2 a6 19. Qe1 Nc6 20. Na3 Nxe5 21. dxe5 Bxe5 22. Rd1 f3 23. g3 Rf5 24. c4 Rh5 25. cxd5 Bxd5 26. Ba5 Qd7 27. Qxe4 Bb2 28. Rxd5 Qxd5 29. Qxd5+ Rxd5 30. Bb4 a5 31. Be7 Kf7 32. Nc4 Kxe7 33. Nxb2 Rc2 34. Re1+ Re2 35. Kf1 Rde5 36. Nd3 Rxe1+ 37. Nxe1 Rf5 38. g4 Rf6 39. h3 Ke6 40. Kg1 Kd5 41. Nc2 Ke4 42. Kh2 Kf4 43. Ne3 Re6 44. a3 Rxe3 45. fxe3+ Kxe3 46. b4 f2 47. Kg2 Ke2 0-1

[Event "Collado Villalba op-B 36th"]
[Site "Collado Villalba"]
[Date "2019.08.26"]
[Round "4"]
[White "Huerto Moreno, Jorge"]
[Black "Martin Garcia, Luis"]
[Result "1/2-1/2"]
[WhiteElo "1704"]
[BlackElo "1649"]
[PlyCount "66"]
[EventDate "2019.08.23"]
[EventType "swiss"]
[EventRounds "9"]
[EventCountry "ESP"]
[SourceTitle "CBM 192 Extra"]
[Source "Chessbase"]
[SourceDate "2019.11.06"]
[SourceVersion "1"]
[SourceVersionDate "2019.11.06"]
[SourceQuality "1"]

1. e4 e6 2. d4 d5 3. Bd3 c5 4. c3 Nc6 5. Nf3 cxd4 6. cxd4 Nf6 7. e5 Nd7 8. Be3 Bb4+ 9. Nc3 f6 10. Qc2 fxe5 11. Bxh7 e4 12. Bg6+ Kf8 13. Bg5 Qc7 14. Nh4 Nxd4 15. Qd2 Nb5 16. 0-0 Qe5 17. f4 Qd4+ 18. Qxd4 Nxd4 19. f5 Bxc3 20. fxe6+ Nf6 21. bxc3 Nxe6 22. Rxf6+ gxf6 23. Bxf6 Ng7 24. Rf1 Be6 25. c4 Kg8 26. cxd5 Bxd5 27. Nf5 Nxf5 28. Rxf5 Rh6 29. Rg5 Rxg6 30. Rxg6+ Kf7 31. Rg5 Bxa2 32. Bd4 b6 33. Kf2 Bb1 1/2-1/2

[Event "Collado Villalba op-B 36th"]
[Site "Collado Villalba"]
[Date "2019.08.23"]
[Round "1"]
[White "Gijon Molina, Carlos"]
[Black "Huerto Moreno, Jorge"]
[Result "0-1"]
[WhiteElo "1165"]
[BlackElo "1704"]
[PlyCount "98"]
[EventDate "2019.08.23"]
[EventType "swiss"]
[EventRounds "9"]
[EventCountry "ESP"]
[SourceTitle "CBM 192 Extra"]
[Source "Chessbase"]
[SourceDate "2019.11.06"]
[SourceVersion "1"]
[SourceVersionDate "2019.11.06"]
[SourceQuality "1"]

1. d4 Nf6 2. c4 e5 3. dxe5 Ng4 4. Nf3 Bc5 5. e3 Nc6 6. h3 Ngxe5 7. Nc3 d6 8. b3 Qf6 9. Nxe5 Nxe5 10. Bb2 Bb4 11. a3 Bxc3+ 12. Bxc3 Nf3+ 13. gxf3 Qxc3+ 14. Ke2 Bf5 15. e4 0-0-0 16. Bg2 Rhe8 17. Re1 Be6 18. Kf1 Qe5 19. Qd2 Qh2 20. Qd4 Bxh3 21. Bxh3+ Qxh3+ 22. Ke2 c5 23. Qxg7 Qe6 24. Qxh7 f5 25. Kf1 fxe4 26. fxe4 Rh8 27. Qf5 Qxf5 28. exf5 Rhf8 29. Rad1 Rxf5 30. Rd3 Kc7 31. f3 Rdf8 32. Kf2 R8f6 33. Re4 a6 34. b4 b5 35. Re8 bxc4 36. Rde3 cxb4 37. axb4 d5 38. R3e7+ Kd6 39. Re3 Kc6 40. Rb8 d4 41. Ra3 Kc7 42. Ra8 Kb7 43. Rg8 c3 44. Rg3 Kb6 45. Ke2 Kb5 46. Rb3 Kc4 47. Rb1 d3+ 48. Kf2 c2 49. Rg4+ Kc3 0-1

[Event "Madrid Codes Memorial 11th"]
[Site "Madrid"]
[Date "2017.05.21"]
[Round "6"]
[White "Savchuk, Olga"]
[Black "Huerto Moreno, Jorge"]
[Result "0-1"]
[WhiteElo "1576"]
[BlackElo "1748"]
[PlyCount "82"]
[EventDate "2017.04.02"]
[EventType "swiss"]
[EventRounds "9"]
[EventCountry "ESP"]
[SourceTitle "EXT 2019"]
[Source "ChessBase"]
[SourceDate "2018.10.10"]
[SourceVersion "1"]
[SourceVersionDate "2018.10.10"]
[SourceQuality "1"]

1. c4 e5 2. Nc3 Nf6 3. g3 Bc5 4. Bg2 d6 5. e3 Nbd7 6. Nge2 c6 7. d4 Bb6 8. 0-0 0-0 9. b3 c5 10. dxe5 Nxe5 11. Nf4 Rb8 12. Nb5 Ne8 13. Bb2 Nc6 14. Qd2 Ba5 15. Qe2 a6 16. Nc3 Bxc3 17. Bxc3 Nf6 18. Qb2 Ne5 19. Bxe5 dxe5 20. Qxe5 Nd7 21. Qd6 b5 22. Rad1 Rb6 23. Qd3 Qg5 24. Qd5 Qf6 25. Bh3 Rd8 26. Nh5 Qe7 27. Qd3 Bb7 28. Bxd7 Bf3 29. Nf4 Bxd1 30. Rxd1 Rb7 31. Nd5 Qxd7 32. Ne7+ Kf8 33. Nd5 Qg4 34. Rd2 Qg6 35. Qe2 Rbd7 36. Qd1 bxc4 37. bxc4 Qe4 38. Qa4 Rxd5 39. Qc6 Qb1+ 40. Kg2 Rxd2 41. Qxc5+ Kg8 0-1

[Event "Madrid Codes Memorial 11th"]
[Site "Madrid"]
[Date "2017.05.07"]
[Round "4"]
[White "Cabanas Bravo, Juan Andres"]
[Black "Huerto Moreno, Jorge"]
[Result "1-0"]
[WhiteElo "2031"]
[BlackElo "1748"]
[PlyCount "47"]
[EventDate "2017.04.02"]
[EventType "swiss"]
[EventRounds "9"]
[EventCountry "ESP"]
[SourceTitle "EXT 2019"]
[Source "ChessBase"]
[SourceDate "2018.10.10"]
[SourceVersion "1"]
[SourceVersionDate "2018.10.10"]
[SourceQuality "1"]

1. e4 e5 2. d4 exd4 3. c3 dxc3 4. Bc4 Nc6 5. Nf3 cxb2 6. Bxb2 Bb4+ 7. Nc3 d6 8. Qb3 Qe7 9. 0-0-0 Bxc3 10. Qxc3 Nf6 11. Rhe1 Bg4 12. e5 dxe5 13. Nxe5 Bxd1 14. Nxc6 Ne4 15. Qxg7 bxc6 16. Qxh8+ Kd7 17. Rxd1+ Nd6 18. Qxa8 Qg5+ 19. Kb1 Qg4 20. Rd4 Qf5+ 21. Ka1 Qxf2 22. a3 Qe1+ 23. Ka2 c5 24. Rd3 1-0

[Event "Madrid Los Angeles op 10th"]
[Site "Madrid"]
[Date "2016.05.29"]
[Round "8"]
[White "Huerto Moreno, Jorge"]
[Black "Barragan Panal, Juan Jose"]
[Result "0-1"]
[WhiteElo "1728"]
[BlackElo "1676"]
[PlyCount "116"]
[EventDate "2016.04.03"]
[EventType "swiss"]
[EventRounds "9"]
[EventCountry "ESP"]
[SourceTitle "CBM 172 Extra"]
[Source "ChessBase"]
[SourceDate "2016.06.21"]
[SourceVersion "1"]
[SourceVersionDate "2016.06.21"]
[SourceQuality "1"]

1. e4 c6 2. d4 d5 3. e5 Bf5 4. Nf3 e6 5. Nbd2 Nd7 6. c4 c5 7. cxd5 exd5 8. Qb3 Nb6 9. dxc5 Bxc5 10. Qb5+ Nd7 11. b4 Be7 12. Qxd5 Qb6 13. a3 Be6 14. Qe4 Rc8 15. Nd4 Qc7 16. N2f3 Qc3+ 17. Kd1 Qxa1 18. Qe3 Rxc1+ 19. Qxc1 Qxc1+ 20. Kxc1 Bg4 21. Bb5 a6 22. Ba4 Bxf3 23. Nxf3 b5 24. Bb3 Nb6 25. Nd4 Bg5+ 26. Kb1 Ne7 27. g3 Ned5 28. f4 Be7 29. Rc1 0-0 30. Rc6 Rd8 31. Nf5 Bf8 32. h4 Nc4 33. Bxc4 bxc4 34. Rxc4 g6 35. Nd4 Nb6 36. Rc6 Rb8 37. Nc2 a5 38. b5 Na4 39. Nd4 Bc5 40. Nb3 Rxb5 41. Kc2 Bxa3 42. Rc8+ Kg7 43. Ra8 Bb4 44. Ra7 Nc5 45. Nd4 Rb7 46. Ra8 Ne4 47. g4 Rc7+ 48. Kb1 Nf2 49. g5 Nd3 50. Ne2 Rb7 51. Kc2 Nc5 52. Nd4 Ne6 53. Ne2 Rd7 54. Kb1 Rd1+ 55. Nc1 Ba3 56. Rc8 Rxc1+ 57. Rxc1 Bxc1 58. Kxc1 Nxf4 0-1

[Event "Madrid Los Angeles op 10th"]
[Site "Madrid"]
[Date "2016.04.24"]
[Round "4"]
[White "Huerto Moreno, Jorge"]
[Black "Ramos Antona, Enrique"]
[Result "1-0"]
[WhiteElo "1728"]
[BlackElo "1588"]
[PlyCount "93"]
[EventDate "2016.04.03"]
[EventType "swiss"]
[EventRounds "9"]
[EventCountry "ESP"]
[SourceTitle "CBM 172 Extra"]
[Source "ChessBase"]
[SourceDate "2016.06.21"]
[SourceVersion "1"]
[SourceVersionDate "2016.06.21"]
[SourceQuality "1"]

1. e4 e5 2. Nf3 Nc6 3. Bc4 Nf6 4. Ng5 d5 5. exd5 Na5 6. Bb5+ c6 7. dxc6 bxc6 8. Be2 Nd5 9. d3 h6 10. Nf3 Bd6 11. a3 0-0 12. c4 Nf6 13. b4 Nb7 14. c5 Bc7 15. Bb2 Re8 16. Nbd2 a5 17. 0-0 Nd5 18. Qb3 Nf4 19. Rfe1 Be6 20. Nc4 Rb8 21. Qc2 Bd5 22. Bxe5 Nxe2+ 23. Rxe2 Bxf3 24. gxf3 Bxe5 25. Rae1 Qg5+ 26. Kf1 f6 27. d4 Qh5 28. dxe5 Qh3+ 29. Kg1 f5 30. Nd6 Rf8 31. Qc3 f4 32. bxa5 Nxd6 33. exd6 Rf5 34. Re5 Rxe5 35. Rxe5 Rb1+ 36. Re1 Rxe1+ 37. Qxe1 Qxf3 38. Qe6+ Kh8 39. d7 Qd1+ 40. Kg2 f3+ 41. Kg3 Qg1+ 42. Kxf3 Qd1+ 43. Kf4 Qd4+ 44. Kf5 Qxc5+ 45. Kg6 Qg5+ 46. Kf7 Qd8 47. Qe8+ 1-0

[Event "Madrid Los Angeles op 10th"]
[Site "Madrid"]
[Date "2016.04.17"]
[Round "3"]
[White "Martin Garcia, Francisco Javier"]
[Black "Huerto Moreno, Jorge"]
[Result "1/2-1/2"]
[WhiteElo "1617"]
[BlackElo "1728"]
[PlyCount "119"]
[EventDate "2016.04.03"]
[EventType "swiss"]
[EventRounds "9"]
[EventCountry "ESP"]
[SourceTitle "CBM 172 Extra"]
[Source "ChessBase"]
[SourceDate "2016.06.21"]
[SourceVersion "1"]
[SourceVersionDate "2016.06.21"]
[SourceQuality "1"]

1. d4 d5 2. c4 c6 3. Nf3 Nf6 4. g3 Bf5 5. Bg2 Bxb1 6. Rxb1 Qa5+ 7. Bd2 Qxa2 8. cxd5 Qxd5 9. 0-0 e6 10. e3 Qb5 11. b4 Ne4 12. Ne5 Nxd2 13. Qxd2 Na6 14. Nd3 Rd8 15. Qc3 Be7 16. Nc5 0-0 17. Nxa6 Qxa6 18. Ra1 Qb6 19. Rfb1 Bf6 20. Qc5 Rb8 21. Rxa7 Qc7 22. b5 Be7 23. Qc1 Qb6 24. Rba1 c5 25. dxc5 Bxc5 26. Rxb7 Rxb7 27. Bxb7 Qxb5 28. Rb1 Qa5 29. Ra1 Qc7 30. Bg2 Rc8 31. Ra8 Rxa8 32. Bxa8 f5 33. Qc4 Kf7 34. Qb3 Qe5 35. Bg2 g5 36. h3 h5 37. Qb7+ Kg6 38. Qa8 Kf7 39. Qb7+ Be7 40. Qa8 h4 41. Qf3 Kg6 42. e4 Bd6 43. exf5+ exf5 44. Kh2 Qd4 45. Bf1 Kf6 46. Kg2 hxg3 47. fxg3 Bc5 48. Qc6+ Kg7 49. Qc7+ Kh6 50. Qc6+ Bd6 51. Qc4 Qe5 52. Qd3 f4 53. gxf4 Qxf4 54. Qe2 Qd4 55. Qe6+ Kg7 56. Qd7+ Kf6 57. Qd8+ Kf5 58. Qd7+ Ke5 59. Qg7+ Ke4 60. Qxd4+ 1/2-1/2

[Event "Madrid Los Angeles op 10th"]
[Site "Madrid"]
[Date "2016.04.10"]
[Round "2"]
[White "Huerto Moreno, Jorge"]
[Black "Afana, Adham Jj"]
[Result "0-1"]
[WhiteElo "1728"]
[BlackElo "2104"]
[PlyCount "86"]
[EventDate "2016.04.03"]
[EventType "swiss"]
[EventRounds "9"]
[EventCountry "ESP"]
[SourceTitle "CBM 172 Extra"]
[Source "ChessBase"]
[SourceDate "2016.06.21"]
[SourceVersion "1"]
[SourceVersionDate "2016.06.21"]
[SourceQuality "1"]

1. d4 d5 2. c4 c6 3. Nc3 Nf6 4. Nf3 e6 5. Bg5 Nbd7 6. c5 Qa5 7. Bd2 Qc7 8. Bg5 Qa5 9. Bd2 Qc7 10. Bg5 Be7 11. e3 e5 12. b4 e4 13. Bf4 Qd8 14. Nh4 Nf8 15. Be5 g5 16. g4 Bxg4 17. f3 Bh5 18. Nf5 Bxf3 19. Be2 Bxh1 20. Ng7+ Kd7 21. b5 Rg8 22. Nf5 Ng6 23. Nh6 Rf8 24. bxc6+ bxc6 25. Qb3 Nxe5 26. dxe5 Qb8 27. Qa4 Qxe5 28. Kd2 Bf3 29. Rb1 Qc7 30. Nf5 Bxe2 31. Nxe2 Rfb8 32. Re1 Qb7 33. Ned4 Qb4+ 34. Qxb4 Rxb4 35. Nxe7 Rxd4+ 36. exd4 Kxe7 37. Rb1 Nd7 38. Ke3 f5 39. h4 f4+ 40. Kf2 g4 41. Rf1 Rb8 42. Kg1 f3 43. Kf2 Kf6 0-1

[Event "Madrid Codes Memorial 9th"]
[Site "Madrid"]
[Date "2015.03.29"]
[Round "1"]
[White "Tarrio Ocana, Jose Manuel"]
[Black "Huerto Moreno, Jorge"]
[Result "1-0"]
[WhiteElo "1840"]
[BlackElo "1572"]
[PlyCount "111"]
[EventDate "2015.03.29"]
[EventType "swiss"]
[EventRounds "9"]
[EventCountry "ESP"]
[SourceTitle "EXT 2019"]
[Source "ChessBase"]
[SourceDate "2018.10.10"]
[SourceVersion "1"]
[SourceVersionDate "2018.10.10"]
[SourceQuality "1"]

1. e4 e5 2. Nf3 Nc6 3. Bb5 a6 4. Ba4 Nf6 5. d3 d6 6. a3 Bg4 7. Be3 Be7 8. Nc3 0-0 9. h3 Be6 10. Ng5 Bd7 11. Bb3 Nd4 12. Ba2 c5 13. Nf3 Qc8 14. Nd5 Nxd5 15. Bxd5 Be6 16. Bxe6 Qxe6 17. 0-0 Rab8 18. Nd2 f5 19. c3 Nc6 20. f4 Rf6 21. fxe5 Nxe5 22. Bg5 Rff8 23. exf5 Rxf5 24. Rxf5 Qxf5 25. Bxe7 Nxd3 26. Qf3 Qxf3 27. Nxf3 d5 28. b4 c4 29. Ne1 Nf4 30. Kf2 Re8 31. Bc5 Ne2 32. Bd4 Nf4 33. Be3 Nh5 34. Rd1 Nf6 35. Bd4 Ne4+ 36. Kg1 Nd6 37. Nf3 Nb5 38. a4 Nxd4 39. Nxd4 Re3 40. Rc1 g6 41. Kf2 Re8 42. Re1 Rf8+ 43. Kg1 Rf7 44. Re5 Rd7 45. Kf2 Kf7 46. Ke3 Rd6 47. Nf3 h6 48. Kd4 b5 49. a5 Kf6 50. Kc5 Re6 51. Rxe6+ Kxe6 52. Kb6 Kd6 53. Kxa6 Kc6 54. Nd4+ Kc7 55. Kxb5 Kb7 56. Kc5 1-0

[Event "Madrid Codes Memorial 8th"]
[Site "Madrid"]
[Date "2014.05.11"]
[Round "7"]
[White "Huerto Moreno, Jorge"]
[Black "Benitez Cadenas, Luis Miguel"]
[Result "0-1"]
[WhiteElo "1534"]
[BlackElo "1695"]
[PlyCount "100"]
[EventDate "2014.03.23"]
[EventType "swiss"]
[EventRounds "9"]
[EventCountry "ESP"]
[SourceTitle "EXT 2019"]
[Source "ChessBase"]
[SourceDate "2018.10.10"]
[SourceVersion "1"]
[SourceVersionDate "2018.10.10"]
[SourceQuality "1"]

1. d4 d5 2. c4 c6 3. Nc3 Nf6 4. Nf3 dxc4 5. e3 b5 6. Bd2 Bb7 7. a4 a6 8. axb5 cxb5 9. e4 Nxe4 10. Nxe4 Bxe4 11. Bc3 e6 12. Be2 Be7 13. 0-0 0-0 14. Re1 Nc6 15. Bxc4 Bxf3 16. Qxf3 Nxd4 17. Bxd4 Qxd4 18. Bxb5 a5 19. Bd3 Rfd8 20. Be4 Ra7 21. Rab1 Rad7 22. Qh5 g6 23. Qf3 Qf6 24. Qe3 Rd2 25. b3 Qe5 26. Qf3 Bc5 27. Bxg6 Qg7 28. Bxf7+ Qxf7 29. Qxf7+ Kxf7 30. Rf1 Rc2 31. Rbd1 Rxd1 32. Rxd1 Rb2 33. h3 Rxb3 34. Rd7+ Kg6 35. g3 Rb2 36. Rc7 Bxf2+ 37. Kf1 Bxg3 38. Rc4 Rb4 39. Rc3 Rb1+ 40. Ke2 Be1 41. Rc8 Bb4 42. Rg8+ Kf7 43. Ra8 e5 44. Ra7+ Kg6 45. Ra6+ Kh5 46. Ra7 h6 47. Kf3 Re1 48. Ra6 e4+ 49. Kf4 e3 50. Re6 e2 0-1

[Event "Madrid Codes Memorial 8th"]
[Site "Madrid"]
[Date "2014.04.13"]
[Round "4"]
[White "Huerto Moreno, Jorge"]
[Black "Yeves Miquel, Enrique"]
[Result "0-1"]
[WhiteElo "1534"]
[BlackElo "1742"]
[PlyCount "68"]
[EventDate "2014.03.23"]
[EventType "swiss"]
[EventRounds "9"]
[EventCountry "ESP"]
[SourceTitle "EXT 2015"]
[Source "ChessBase"]
[SourceDate "2014.11.20"]
[SourceVersion "1"]
[SourceVersionDate "2014.11.20"]
[SourceQuality "1"]

1. e4 c5 2. Nf3 e6 3. c4 Nc6 4. d4 cxd4 5. Nxd4 Nf6 6. Nc3 Bb4 7. Bg5 Qa5 8. Rc1 Qxg5 9. Nf3 Qf4 10. Bd3 Ne5 11. Nxe5 Qxe5 12. 0-0 Bxc3 13. Rxc3 b6 14. f4 Qh5 15. Be2 Qc5+ 16. Kh1 Nxe4 17. Rcf3 Bb7 18. Qd3 f5 19. Rd1 Rd8 20. Rdf1 h5 21. h3 h4 22. Kh2 Ng3 23. Rxg3 hxg3+ 24. Qxg3 Qe7 25. Bd3 Qf6 26. Re1 Kf7 27. Qf2 Qh4 28. Qf1 Rh6 29. g3 Qf6 30. Qf2 Rdh8 31. h4 Rxh4+ 32. gxh4 Rxh4+ 33. Kg3 Rg4+ 34. Kh2 Qh6+ 0-1

[Event "Madrid Codes Memorial 7th"]
[Site "Madrid"]
[Date "2013.05.12"]
[Round "6"]
[White "Huerto Moreno, Jorge"]
[Black "Jimenez Ibanez, Juan C"]
[Result "1-0"]
[WhiteElo "1577"]
[BlackElo "1839"]
[PlyCount "123"]
[EventDate "2013.04.07"]
[EventType "swiss"]
[EventRounds "9"]
[EventCountry "ESP"]
[SourceTitle "EXT 2014"]
[Source "ChessBase"]
[SourceDate "2013.11.20"]
[SourceVersion "1"]
[SourceVersionDate "2013.11.20"]
[SourceQuality "1"]

1. e4 c5 2. Nf3 Nc6 3. d4 cxd4 4. Nxd4 g6 5. c4 Bg7 6. Be3 Nf6 7. Nc3 d6 8. Be2 0-0 9. 0-0 Bd7 10. Qd2 Ng4 11. Bxg4 Bxg4 12. f3 Bd7 13. Rac1 a6 14. Nb3 Be6 15. Nd5 Bxd5 16. cxd5 Ne5 17. Qc2 Rc8 18. Qxc8 Qxc8 19. Rxc8 Rxc8 20. Bd4 Nd3 21. Bxg7 Kxg7 22. Rb1 Rc2 23. Na5 b5 24. Nc6 Kf6 25. Rf1 Rxb2 26. f4 Kg7 27. Nxe7 Rxa2 28. Nc8 b4 29. Nxd6 b3 30. Nc4 b2 31. d6 Ra1 32. Nxb2 Rxf1+ 33. Kxf1 Nxf4 34. Nc4 Ne6 35. Ke2 f6 36. Kd3 Kf7 37. g3 Nd8 38. Kd4 Ke6 39. Kc5 h5 40. h4 g5 41. Kb6 gxh4 42. gxh4 Kd7 43. Kc5 Nb7+ 44. Kd5 a5 45. Nb6+ Ke8 46. d7+ Ke7 47. Kc6 Nd8+ 48. Kc7 Ne6+ 49. Kc8 Kd6 50. Nc4+ Kc5 51. Nxa5 Kd4 52. Nb7 Kxe4 53. Nc5+ Nxc5 54. d8Q f5 55. Qe7+ Kd5 56. Qg5 Ke4 57. Qxh5 Ne6 58. Qe2+ Kd5 59. h5 f4 60. h6 Ng5 61. Qg2+ Ne4 62. h7 1-0